States without a College Football Team (FBS) - Statistics

General Stats
  • This quiz has been taken 42 times
  • The average score is 8 of 8
Answers on the Map
Answers color-coded by a green-red scale on the quiz's map according to % correct below.
 
Answer Stats
Answer % Correct
Vermont
100%
Alaska
97%
Maine
97%
Rhode Island
97%
North Dakota
95%
New Hampshire
92%
South Dakota
89%
Montana
86%
No matching quizzes found
Score Distribution
Percent of People with Each Score
Percentile by Number Answered
Your Score History
You have not taken this quiz